[Event "Tradewise Gibraltar ChallWk2"]
[Site "Gibraltar"]
[Date "2018.01.28"]
[Round "2.21"]
[White "Panday, Sohrab"]
[Black "Lochte, Thomas"]
[Result "0-1"]
[WhiteElo "1938"]
[BlackElo "2169"]
[PlyCount "54"]
[EventDate "2018.01.27"]
[EventType "swiss"]
[EventRounds "5"]
[EventCountry "GGB"]

1. d4 Nf6 2. Bf4 d5 3. e3 c5 4. c3 Nc6 5. Bd3 e6 6. Nf3 Nh5 7. Bg5 Be7 8. Bxe7
Qxe7 9. Nbd2 cxd4 10. exd4 Nf4 11. Bf1 e5 12. dxe5 Nxe5 13. Bb5+ Nc6+ 14. Kf1
O-O 15. Qa4 Qf6 16. g3 Bh3+ 17. Kg1 Ng6 18. Bf1 Bxf1 19. Rxf1 Rfe8 20. Kg2 Qf5
21. Re1 Qd3 22. Qd1 d4 23. Rxe8+ Rxe8 24. Re1 Rxe1 25. Nxe1 Qf5 26. c4 h5 27.
Qf3 Qg5 0-1

[Event "Tradewise Gibraltar ChallWk2"]
[Site "Gibraltar"]
[Date "2018.01.28"]
[Round "2.22"]
[White "Cramling Bellon, Anna"]
[Black "Vanheirzeele, Daniel"]
[Result "1/2-1/2"]
[WhiteElo "1978"]
[BlackElo "2147"]
[PlyCount "44"]
[EventDate "2018.01.27"]
[EventType "swiss"]
[EventRounds "5"]
[EventCountry "GGB"]

1. d4 Nf6 2. c4 e6 3. Nc3 Bb4 4. Qc2 d5 5. cxd5 exd5 6. Bg5 h6 7. Bh4 c5 8.
dxc5 O-O 9. O-O-O Bxc3 10. Qxc3 g5 11. Bg3 Ne4 12. Qd4 Nc6 13. Qe3 Re8 14. Qa3
d4 15. f3 Nxg3 16. hxg3 Qf6 17. e4 dxe3 18. Bc4 Be6 19. Bb5 Rac8 20. Ne2 a6 21.
Bxc6 Rxc6 22. Nc3 Rec8 1/2-1/2

[Event "Tradewise Gibraltar ChallWk2"]
[Site "Gibraltar"]
[Date "2018.01.28"]
[Round "2.23"]
[White "Valentine, Brian J"]
[Black "Herzwurm, Robert"]
[Result "1/2-1/2"]
[WhiteElo "1920"]
[BlackElo "2123"]
[PlyCount "114"]
[EventDate "2018.01.27"]
[EventType "swiss"]
[EventRounds "5"]
[EventCountry "GGB"]

1. e4 e6 2. d4 d5 3. Nc3 Bb4 4. e5 c5 5. a3 Bxc3+ 6. bxc3 Ne7 7. Qg4 Qc7 8.
Qxg7 Rg8 9. Qxh7 cxd4 10. Ne2 Nbc6 11. f4 Bd7 12. Qd3 dxc3 13. Qxc3 Nf5 14. h4
O-O-O 15. Rh3 d4 16. Qc5 Qa5+ 17. Qxa5 Nxa5 18. c3 d3 19. Rxd3 Nb3 20. Rb1 Nc5
21. Rh3 Bc6 22. Nd4 Nxd4 23. cxd4 Rxd4 24. Rb4 Rdd8 25. Rc3 Rd5 26. Be3 b6 27.
Bxc5 bxc5 28. Rbc4 Kb7 29. g3 Bb5 30. Re4 Bxf1 31. Kxf1 Rd4 32. Rxd4 cxd4 33.
Rd3 Kc6 34. Kf2 Kd5 35. Kf3 Kc4 36. Ke4 Kc5 37. h5 Rg7 38. a4 a5 39. h6 Rh7 40.
Rxd4 Rxh6 41. Rd7 Rh7 42. Rb7 f5+ 43. exf6 Rxb7 44. Ke5 Kb4 45. Kxe6 Kxa4 46.
g4 Kb5 47. g5 a4 48. g6 a3 49. g7 Rb6+ 50. Kf5 a2 51. g8=Q a1=Q 52. Qd5+ Kb4
53. Qd2+ Kc4 54. Qc2+ Kd5 55. Qe4+ Kd6 56. Qe6+ Kc7 57. Qe7+ Kc6 1/2-1/2

[Event "Tradewise Gibraltar ChallWk2"]
[Site "Gibraltar"]
[Date "2018.01.28"]
[Round "2.24"]
[White "Chibnall, Alana"]
[Black "Gueler, Sebastian"]
[Result "0-1"]
[WhiteElo "1906"]
[BlackElo "2120"]
[PlyCount "112"]
[EventDate "2018.01.27"]
[EventType "swiss"]
[EventRounds "5"]
[EventCountry "GGB"]

1. e4 e6 2. d3 c5 3. Nf3 Nc6 4. g3 g6 5. Bg2 Bg7 6. O-O Nge7 7. Nc3 O-O 8. Bg5
h6 9. Be3 Nd4 10. Qd2 Kh7 11. Ne1 e5 12. f4 d6 13. fxe5 dxe5 14. Nd5 Qd6 15. c3
Ndc6 16. Nc2 b6 17. Na3 Ng8 18. Rf2 Be6 19. Raf1 Rac8 20. g4 Nce7 21. c4 f6 22.
h3 g5 23. Nb5 Qd7 24. b4 Ng6 25. bxc5 bxc5 26. Qa5 Rf7 27. Nbc3 Nf4 28. Na4 Bf8
29. Rb1 h5 30. Rb5 hxg4 31. hxg4 Bxg4 32. Bxf4 gxf4 33. Nxc5 Bxc5 34. Rxc5 Rxc5
35. Qxc5 Rg7 36. Qf8 Bh3 37. Qxg8+ Kxg8 38. Nxf6+ Kh8 39. Nxd7 Bxg2 40. Rxg2
Rxd7 41. Rd2 Kg7 42. Kf2 Kf6 43. Kf3 Rh7 44. Ke2 Kg5 45. c5 Kg4 46. c6 Rh2+ 47.
Kd1 Rh1+ 48. Ke2 Rc1 49. Rd1 Rc2+ 50. Rd2 Rxc6 51. Kf2 Rh6 52. Kf1 f3 53. d4
Rh1+ 54. Kf2 Rh2+ 55. Ke3 Rxd2 56. Kxd2 Kg3 0-1

[Event "Tradewise Gibraltar ChallWk2"]
[Site "Gibraltar"]
[Date "2018.01.28"]
[Round "2.25"]
[White "Odeh, Kenneth"]
[Black "Maisuradze, Nino"]
[Result "0-1"]
[WhiteElo "1922"]
[BlackElo "2234"]
[PlyCount "92"]
[EventDate "2018.01.27"]
[EventType "swiss"]
[EventRounds "5"]
[EventCountry "GGB"]

1. e4 c5 2. Nc3 Nc6 3. g3 g6 4. Bg2 Bg7 5. d3 d6 6. Be3 Rb8 7. Qd2 b5 8. Nge2
b4 9. Nd1 Nd4 10. c3 Nxe2 11. Qxe2 bxc3 12. bxc3 Qa5 13. Bd2 Ba6 14. O-O Nf6
15. c4 Qa3 16. Bc3 O-O 17. Bb2 Rxb2 18. Qxb2 Qxd3 19. Rc1 Nxe4 20. Qc2 Qxc2 21.
Rxc2 Nf6 22. Ne3 Rb8 23. Re1 e6 24. h3 Kf8 25. Rcc1 Nd7 26. Rb1 Nb6 27. Bf1 Rd8
28. Rec1 Bd4 29. Rb3 Rd7 30. Rc2 f5 31. a4 Rd8 32. a5 Nd7 33. Rc1 g5 34. Nc2 e5
35. Na3 f4 36. g4 e4 37. Nc2 Ne5 38. Nxd4 cxd4 39. c5 d3 40. c6 Rc8 41. c7 Ke7
42. Bg2 e3 43. Be4 d2 44. Rbb1 dxc1=Q+ 45. Rxc1 e2 46. Bf5 Nf3+ 0-1

[Event "Tradewise Gibraltar ChallWk2"]
[Site "Gibraltar"]
[Date "2018.01.28"]
[Round "2.26"]
[White "Bendayan Claros, Aaron"]
[Black "Gostelow, David W"]
[Result "1-0"]
[WhiteElo "2191"]
[BlackElo "1945"]
[PlyCount "153"]
[EventDate "2018.01.27"]
[EventType "swiss"]
[EventRounds "5"]
[EventCountry "GGB"]

1. d4 d5 2. c4 c6 3. Nf3 Nf6 4. Nc3 Bf5 5. Qb3 Qb6 6. c5 Qc7 7. Bf4 Qc8 8. h3
Nbd7 9. Qd1 e6 10. e3 Be7 11. Be2 Ne4 12. Rc1 O-O 13. O-O Bd8 14. b4 Bc7 15.
Nh4 Bxf4 16. Nxf5 exf5 17. exf4 Qc7 18. g3 Ndf6 19. Bd3 Rfe8 20. Ne2 Nh5 21.
Kg2 g6 22. Qc2 Re6 23. Rb1 Ng7 24. b5 b6 25. f3 Nf6 26. cxb6 axb6 27. Rfc1 Rc8
28. bxc6 Rxc6 29. Qb3 Qd6 30. Bb5 Rxc1 31. Rxc1 Rxc1 32. Nxc1 Ne6 33. Qc3 Kg7
34. Nd3 Qc7 35. Qb2 Ng8 36. Nb4 Ne7 37. Kf2 Kf6 38. Qd2 Kg7 39. a4 h6 40. h4
Kh7 41. Qe3 Qd6 42. Nd3 f6 43. Ke2 Kg7 44. Kd2 Kf7 45. Kc2 Nc6 46. Bxc6 Qxc6+
47. Kb2 Qxa4 48. Kc3 Qc4+ 49. Kd2 Qxd4 50. Qe1 b5 51. Qb1 Qc4 52. Qa1 b4 53.
Qa4 Qc3+ 54. Ke2 Nd4+ 55. Ke3 Nc2+ 56. Ke2 Qc7 57. Qa2 Nd4+ 58. Ke3 b3 59. Qa8
Nc2+ 60. Kd2 g5 61. Qxd5+ Kg7 62. fxg5 hxg5 63. hxg5 fxg5 64. Qxf5 Qe7 65. Kc3
Kh6 66. Qh3+ Kg6 67. Kxb3 Nd4+ 68. Kc3 Nxf3 69. Qc8 Qf6+ 70. Kc2 Nd4+ 71. Kd2
Nf3+ 72. Ke3 Ne5 73. Qe8+ Nf7 74. g4 Kg7 75. Qe4 Nd6 76. Qd5 Qe7+ 77. Kd2 1-0

[Event "Tradewise Gibraltar ChallWk2"]
[Site "Gibraltar"]
[Date "2018.01.28"]
[Round "2.27"]
[White "Yu, Henry"]
[Black "Guthrie, David"]
[Result "1-0"]
[WhiteElo "1947"]
[BlackElo "2181"]
[PlyCount "251"]
[EventDate "2018.01.27"]
[EventType "swiss"]
[EventRounds "5"]
[EventCountry "GGB"]

1. d4 Nf6 2. c4 g6 3. Nc3 Bg7 4. Nf3 O-O 5. Bg5 d6 6. e3 c6 7. Qc2 a6 8. Be2 b5
9. a3 Nbd7 10. O-O h6 11. Bh4 g5 12. Bg3 Nh5 13. Nxg5 hxg5 14. Bxh5 bxc4 15.
Ne4 Qa5 16. Qxc4 Qf5 17. Qxc6 Rb8 18. f3 Rb6 19. Qc7 Rb7 20. Qc3 Qe6 21. Nxg5
Qd5 22. f4 Rb8 23. Rac1 f6 24. Bf3 Qa2 25. Be2 Nb6 26. Ra1 Qd5 27. Bf3 Qf5 28.
Be4 Qg4 29. Qb3+ d5 30. Bxd5+ Nxd5 31. Qxd5+ e6 32. Qf3 Qf5 33. Ne4 Rd8 34. Nc5
Rxb2 35. e4 Qg6 36. f5 exf5 37. exf5 Qh6 38. Rad1 Bf8 39. Qf4 Qh5 40. Qf3 Qxf3
41. gxf3 Bxf5 42. Nxa6 Bh6 43. f4 Ra8 44. Nc7 Rxa3 45. Rf2 Rxf2 46. Kxf2 Be4
47. Ne8 Ra6 48. Bh4 Ra2+ 49. Ke3 Bf5 50. Nxf6+ Kf7 51. Nd5 Rxh2 52. Bg3 Ra2 53.
Rc1 Bg7 54. Rc7+ Kf8 55. Bh4 Ra3+ 56. Nc3 Rb3 57. Be7+ Ke8 58. Bd6 Bf6 59. Be5
Be7 60. d5 Bd8 61. Rc4 Kd7 62. Bd4 Ba5 63. Be5 Bb6+ 64. Kf3 Ra3 65. Kg3 Ra1 66.
Rc6 Rg1+ 67. Kf3 Bg4+ 68. Ke4 Re1+ 69. Kd3 Bf5+ 70. Kc4 Bd8 71. Na4 Rc1+ 72.
Bc3 Rf1 73. Nc5+ Ke8 74. Be5 Rc1+ 75. Kd4 Bh4 76. Bd6 Re1 77. Kc3 Rc1+ 78. Kb4
Be1+ 79. Kb5 Rd1 80. Kc4 Rc1+ 81. Kd4 Bc3+ 82. Ke3 Re1+ 83. Kf2 Rd1 84. Ne6
Be1+ 85. Ke3 Rd3+ 86. Ke2 Ba5 87. Ng7+ Kd7 88. Nxf5 Rxd5 89. Rc5 Rd2+ 90. Kf3
Bb6 91. Re5 Rf2+ 92. Ke4 Re2+ 93. Kd3 Rf2 94. Ke4 Re2+ 95. Kd5 Rd2+ 96. Kc4
Rc2+ 97. Kd3 Rf2 98. Re7+ Kc6 99. Be5 Rf3+ 100. Kd2 Kd5 101. Rb7 Ba5+ 102. Ke2
Rh3 103. Rb5+ Ke4 104. Rxa5 Kxf5 105. Bc7+ Ke4 106. Re5+ Kxf4 107. Re3+ Kg4
108. Re4+ Kf5 109. Rf4+ Ke6 110. Bb6 Kd5 111. Be3 Ke5 112. Kd3 Kd5 113. Rf5+
Ke6 114. Ra5 Rh1 115. Ke4 Rh4+ 116. Bf4 Rh1 117. Ra6+ Kd7 118. Rd6+ Ke7 119.
Ra6 Rh5 120. Be5 Rh4+ 121. Kd5 Rh1 122. Ra7+ Kf8 123. Ke6 Rh6+ 124. Bf6 Kg8
125. Ra8+ Kh7 126. Kf7 1-0

[Event "Tradewise Gibraltar ChallWk2"]
[Site "Gibraltar"]
[Date "2018.01.28"]
[Round "2.28"]
[White "Adebajo, Olufemi"]
[Black "Makka, Ioulia"]
[Result "0-1"]
[WhiteElo "1922"]
[BlackElo "2167"]
[PlyCount "84"]
[EventDate "2018.01.27"]
[EventType "swiss"]
[EventRounds "5"]
[EventCountry "GGB"]

1. e4 c6 2. d4 d5 3. exd5 cxd5 4. Bd3 Nc6 5. c3 Nf6 6. Bf4 g6 7. Nf3 Bg7 8. O-O
Nh5 9. Be3 O-O 10. Nbd2 a6 11. Re1 Re8 12. Rc1 b5 13. b4 Qd6 14. h3 f5 15. Nb3
f4 16. Bd2 e5 17. dxe5 Nxe5 18. Nxe5 Bxe5 19. Nc5 Rf8 20. Be2 Ng7 21. Bf3 Bf5
22. Qb3 Rae8 23. Bxd5+ Kh8 24. Red1 Qf6 25. Be1 f3 26. Bxf3 Bxh3 27. Ne4 Qh4
28. Ng3 Rxf3 29. Qd5 Rff8 30. gxh3 Qxh3 31. Qg2 Qg4 32. Rd3 Ne6 33. Bd2 Bf4 34.
Be3 Bxe3 35. Rxe3 Nf4 36. Rxe8 Rxe8 37. Qc6 Rf8 38. Rf1 Ne2+ 39. Kg2 Nxg3 40.
f3 Qg5 41. f4 Qg4 42. Qf3 Nxf1+ 0-1

[Event "Tradewise Gibraltar ChallWk2"]
[Site "Gibraltar"]
[Date "2018.01.28"]
[Round "2.29"]
[White "Ranaivoharisoa, Alain"]
[Black "Ansari, Athar"]
[Result "1-0"]
[WhiteElo "2142"]
[BlackElo "1919"]
[PlyCount "45"]
[EventDate "2018.01.27"]
[EventType "swiss"]
[EventRounds "5"]
[EventCountry "GGB"]

1. e4 c5 2. Nf3 a6 3. d4 cxd4 4. Nxd4 Nf6 5. Nc3 e5 6. Nf3 Bb4 7. Bc4 d6 8. O-O
Qe7 9. Nd5 Nxd5 10. Bxd5 Be6 11. c3 Bc5 12. Bg5 Qd7 13. b4 Bb6 14. Qd3 Nc6 15.
Rad1 h6 16. Be3 Bxe3 17. Qxe3 O-O 18. Qb6 Rfe8 19. Bxc6 bxc6 20. Nxe5 Qc8 21.
Nxc6 Bxa2 22. Rxd6 Rxe4 23. Rd8+ 1-0

[Event "Tradewise Gibraltar ChallWk2"]
[Site "Gibraltar"]
[Date "2018.01.28"]
[Round "2.30"]
[White "Hubbard, Michael"]
[Black "Bryn, Askild"]
[Result "0-1"]
[WhiteElo "1913"]
[BlackElo "2057"]
[PlyCount "84"]
[EventDate "2018.01.27"]
[EventType "swiss"]
[EventRounds "5"]
[EventCountry "GGB"]

1. e4 c6 2. d3 d5 3. Nd2 Nf6 4. Ngf3 Bg4 5. h3 Bh5 6. e5 Nfd7 7. d4 e6 8. Bd3
c5 9. c3 Nc6 10. g4 Bg6 11. Bxg6 hxg6 12. Nb3 a5 13. a4 Qb6 14. Nxc5 Nxc5 15.
dxc5 Bxc5 16. Qe2 O-O-O 17. Bg5 Rd7 18. Kf1 d4 19. Qb5 dxc3 20. Qxb6 Bxb6 21.
bxc3 Rd3 22. Kg2 Rxc3 23. Rab1 Bc7 24. Rhc1 Rxc1 25. Rxc1 Kb8 26. Rd1 Nxe5 27.
Nxe5 Bxe5 28. Rd7 Rf8 29. Kf3 Kc8 30. Rd3 f6 31. Be3 Rd8 32. Rb3 Bd4 33. Rb5
Bxe3 34. fxe3 Rd5 35. Rb6 Re5 36. Rb2 b5 37. axb5 Kb7 38. Rd2 Rd5 39. Rb2 Kb6
40. Rc2 Rxb5 41. Rc8 a4 42. Ra8 Ra5 0-1

[Event "Tradewise Gibraltar ChallWk2"]
[Site "Gibraltar"]
[Date "2018.01.28"]
[Round "2.31"]
[White "Mulligan, Stephen"]
[Black "Cernuda Orejas, Victor Manuel"]
[Result "1-0"]
[WhiteElo "2051"]
[BlackElo "1910"]
[PlyCount "80"]
[EventDate "2018.01.27"]
[EventType "swiss"]
[EventRounds "5"]
[EventCountry "GGB"]

1. Nf3 c6 2. d4 d5 3. c3 Nf6 4. Bf4 Bf5 5. e3 Nbd7 6. Nbd2 h6 7. Be2 e6 8. O-O
Nh7 9. Ne5 Nxe5 10. Bxe5 Bd6 11. Nf3 Ng5 12. Bxd6 Nxf3+ 13. Bxf3 Qxd6 14. Re1
h5 15. e4 Bg4 16. exd5 Bxf3 17. Qxf3 Qxd5 18. Qf4 Rh6 19. Re5 Qd7 20. Qf3 h4
21. h3 O-O-O 22. b4 f6 23. Rc5 Kb8 24. Rb1 Rc8 25. b5 cxb5 26. Rcxb5 Rc7 27. a4
a6 28. Rb6 Ka7 29. Qe2 Qxa4 30. Qb2 Qd7 31. Rxa6+ Kb8 32. Qb6 Qe7 33. Qa7+ Kc8
34. Qa8+ Kd7 35. Rab6 e5 36. Rxb7 Ke6 37. Qa2+ Kf5 38. Qc2+ e4 39. R1b5+ Kf4
40. Rxc7 Qd8 1-0

[Event "Tradewise Gibraltar ChallWk2"]
[Site "Gibraltar"]
[Date "2018.01.28"]
[Round "2.32"]
[White "Williamson, Kevin J"]
[Black "Diaz Mino, Pablo"]
[Result "0-1"]
[WhiteElo "1905"]
[BlackElo "2050"]
[PlyCount "114"]
[EventDate "2018.01.27"]
[EventType "swiss"]
[EventRounds "5"]
[EventCountry "GGB"]

1. d4 d5 2. Nc3 Nf6 3. Bg5 c5 4. Bxf6 gxf6 5. e3 e6 6. Qh5 Nc6 7. O-O-O cxd4 8.
exd4 Bb4 9. Nge2 f5 10. g3 Qf6 11. Bg2 Qg6 12. Qf3 Bd7 13. Kb1 O-O-O 14. Qe3
Na5 15. Nf4 Qg7 16. Bf1 Bd6 17. Nb5 Bxb5 18. Bxb5 Bxf4 19. Qxf4 a6 20. Qd2 Nc4
21. Bxc4 dxc4 22. Qc3 b5 23. b3 Kb7 24. bxc4 Rc8 25. Qf3+ Rc6 26. cxb5 axb5 27.
Rhe1 Rd8 28. Qe3 Rd5 29. Rd3 Rc4 30. Red1 h5 31. f4 Qf6 32. Rb3 Ka6 33. c3 Qh8
34. Rd2 Qc8 35. Ra3+ Kb6 36. Rb2 Qc7 37. Rab3 Qc8 38. a3 Qc6 39. Ra2 Qa8 40.
Rb4 Qc8 41. Rb3 Qa8 42. Qd2 Qa6 43. Qd3 Kc6 44. Qf3 Qa5 45. Rb4 Kd6 46. Kb2 Qc7
47. Qd3 Qc6 48. Rxc4 bxc4 49. Qd1 Rb5+ 50. Ka1 Qb6 51. Qc1 Rb3 52. Qe1 f6 53.
Qc1 Qa5 54. a4 Rxc3 55. Qb1 Rb3 56. Qc1 Kd5 57. Qc2 Qe1+ 0-1

[Event "Tradewise Gibraltar ChallWk2"]
[Site "Gibraltar"]
[Date "2018.01.28"]
[Round "2.33"]
[White "O'Neil, Jim"]
[Black "Weeramantry, Sunil"]
[Result "1-0"]
[WhiteElo "1904"]
[BlackElo "2029"]
[PlyCount "117"]
[EventDate "2018.01.27"]
[EventType "swiss"]
[EventRounds "5"]
[EventCountry "GGB"]

1. e4 g6 2. d4 Bg7 3. c4 d6 4. Nc3 Nf6 5. f3 O-O 6. Be3 Nc6 7. Qd2 Re8 8. O-O-O
e5 9. d5 Nd4 10. Nge2 c5 11. dxc6 bxc6 12. Nxd4 exd4 13. Bxd4 Qa5 14. Kb1 Rb8
15. Nd5 Qd8 16. Nxf6+ Bxf6 17. Bxf6 Qxf6 18. Qd4 Re5 19. b3 d5 20. cxd5 cxd5
21. exd5 Bf5+ 22. Kb2 Rd8 23. Bc4 Qd6 24. g4 Bc8 25. h4 a5 26. h5 g5 27. Rhe1
Rde8 28. Rxe5 Rxe5 29. h6 a4 30. Re1 a3+ 31. Kc2 f6 32. Rxe5 fxe5 33. Qa7 Bd7
34. Qa8+ Kf7 35. Qh8 Qxh6 36. Qxe5 Qg6+ 37. Bd3 Qb6 38. d6 Qf2+ 39. Qe2 Qxe2+
40. Bxe2 Ke6 41. Kc3 Kxd6 42. Kb4 Ke5 43. Kc5 Kf4 44. Kd4 Bc6 45. b4 Bxf3 46.
Bxf3 Kxf3 47. b5 h5 48. b6 hxg4 49. b7 g3 50. b8=Q g2 51. Qb3+ Kf2 52. Qe3+ Kf1
53. Qf3+ Kg1 54. Ke3 Kh2 55. Qh5+ Kg1 56. Qxg5 Kf1 57. Qf5+ Kg1 58. Kf3 Kh1 59.
Qh3+ 1-0

[Event "Tradewise Gibraltar ChallWk2"]
[Site "Gibraltar"]
[Date "2018.01.28"]
[Round "2.34"]
[White "Bryant, Richard B E"]
[Black "Hermes, Geoff R"]
[Result "1-0"]
[WhiteElo "2016"]
[BlackElo "1879"]
[PlyCount "75"]
[EventDate "2018.01.27"]
[EventType "swiss"]
[EventRounds "5"]
[EventCountry "GGB"]

1. e4 d6 2. d4 Nf6 3. Nc3 c6 4. Bd3 e5 5. Nf3 Nbd7 6. dxe5 dxe5 7. O-O Be7 8.
b3 O-O 9. Bb2 Qc7 10. Ne2 Bd6 11. Ng3 Nc5 12. Re1 Re8 13. Bf1 b5 14. c4 b4 15.
a3 Rb8 16. axb4 Rxb4 17. Ba3 Rb8 18. b4 Ne6 19. c5 Bf8 20. Bb2 Ng4 21. Bc3 Rd8
22. Nd2 Nxc5 23. bxc5 Bxc5 24. Nh1 Qb6 25. Qf3 Bb4 26. Bxb4 Qxb4 27. Reb1 Qd6
28. Nc4 Qc7 29. Rxb8 Qxb8 30. Ng3 Be6 31. Nf5 Bxf5 32. Qxf5 Nf6 33. Nxe5 Re8
34. Nd7 Nxd7 35. Qxd7 Rxe4 36. Rxa7 Rf4 37. Rc7 g6 38. Rc8+ 1-0

[Event "Tradewise Gibraltar ChallWk2"]
[Site "Gibraltar"]
[Date "2018.01.28"]
[Round "2.35"]
[White "Perez Beltran, Salvador"]
[Black "Gagare, Shalmali"]
[Result "0-1"]
[WhiteElo "1900"]
[BlackElo "2001"]
[PlyCount "56"]
[EventDate "2018.01.27"]
[EventType "swiss"]
[EventRounds "5"]
[EventCountry "GGB"]

1. e4 c5 2. Nf3 Nc6 3. Bb5 Nf6 4. Bxc6 bxc6 5. d3 g6 6. e5 Nd5 7. c4 Nc7 8. Ng5
Bg7 9. f4 f6 10. Nf3 d6 11. exf6 exf6 12. O-O O-O 13. d4 cxd4 14. Nxd4 c5 15.
Nb5 Be6 16. Nxd6 f5 17. Nb7 Qd4+ 18. Qxd4 Bxd4+ 19. Kh1 Bxc4 20. Rd1 Bd5 21.
Na5 Rfe8 22. Nc3 Bxc3 23. bxc3 Re2 24. Rg1 Rae8 25. c4 Ba8 26. Rb1 Rxg2 27. Nb7
Rxg1+ 28. Kxg1 Rb8 0-1

[Event "Tradewise Gibraltar ChallWk2"]
[Site "Gibraltar"]
[Date "2018.01.28"]
[Round "2.36"]
[White "Matthews, Adrian M S"]
[Black "Rueda-Kjeldsen, Juan Carlos"]
[Result "0-1"]
[WhiteElo "1839"]
[BlackElo "1988"]
[PlyCount "102"]
[EventDate "2018.01.27"]
[EventType "swiss"]
[EventRounds "5"]
[EventCountry "GGB"]

1. e4 c5 2. c3 Nf6 3. e5 Nd5 4. Bc4 Nb6 5. Bb3 d5 6. d4 cxd4 7. cxd4 Bf5 8. Nf3
e6 9. O-O Nc6 10. Nc3 Be7 11. Qe2 g5 12. Be3 h5 13. Rfd1 g4 14. Ne1 a6 15. Nd3
Nd7 16. Nf4 h4 17. Bc2 Bxc2 18. Qxc2 Nf8 19. Qe2 Rg8 20. f3 gxf3 21. Qxf3 Qb6
22. Ncxd5 exd5 23. Nxd5 Qa5 24. Rf1 O-O-O 25. Nxe7+ Nxe7 26. Rac1+ Kb8 27. Qxf7
Qd5 28. Qxd5 Nxd5 29. Bh6 Ne6 30. Rcd1 Rg6 31. Bc1 Rdg8 32. Rf2 Rg4 33. b3 Nc3
34. Rd3 Nd5 35. h3 Re4 36. Kh2 Nb4 37. Rdf3 Rxd4 38. Ba3 a5 39. Bxb4 axb4 40.
Rf6 Re8 41. Rh6 Re4 42. Rf7 Nc5 43. Rfh7 R4xe5 44. Rxh4 Ne4 45. Rd7 Nf6 46.
Rdd4 Re2 47. Rxb4 Rg8 48. Rhg4 Nxg4+ 49. hxg4 Re3 50. g3 Re2+ 51. Kg1 Rc8 0-1

[Event "Tradewise Gibraltar ChallWk2"]
[Site "Gibraltar"]
[Date "2018.01.28"]
[Round "2.37"]
[White "Mayank, Pal"]
[Black "Hendrix, Joachim"]
[Result "1-0"]
[WhiteElo "1834"]
[BlackElo "1960"]
[PlyCount "71"]
[EventDate "2018.01.27"]
[EventType "swiss"]
[EventRounds "5"]
[EventCountry "GGB"]

1. Nf3 g6 2. g3 Bg7 3. Bg2 e5 4. d3 d6 5. c4 c6 6. Nc3 f5 7. Qc2 a5 8. h4 Nf6
9. a3 Qe7 10. Bd2 Na6 11. O-O-O Bd7 12. Kb1 Rb8 13. e4 b5 14. cxb5 cxb5 15. Bg5
Rc8 16. Qd2 Qf7 17. Bxf6 Qxf6 18. Nd5 Qd8 19. h5 b4 20. hxg6 h6 21. exf5 Bxf5
22. Nd4 exd4 23. Rhe1+ Kd7 24. Re7+ Qxe7 25. Nxe7 Kxe7 26. Bb7 Nc5 27. Qe2+ Kd7
28. Qf3 Rhf8 29. Bxc8+ Kxc8 30. Qa8+ Kd7 31. Qa7+ Kc6 32. Qxg7 Re8 33. Qf7 Re5
34. f4 Be6 35. Qe8+ Bd7 36. Qa8+ 1-0

[Event "Tradewise Gibraltar ChallWk2"]
[Site "Gibraltar"]
[Date "2018.01.28"]
[Round "2.38"]
[White "De Vega Fernandez, Francisco J"]
[Black "Suez-Panama, Gilles"]
[Result "1/2-1/2"]
[WhiteElo "1784"]
[BlackElo "1959"]
[PlyCount "118"]
[EventDate "2018.01.27"]
[EventType "swiss"]
[EventRounds "5"]
[EventCountry "GGB"]

1. e4 g6 2. d4 Bg7 3. Nf3 d6 4. h3 Nf6 5. Nc3 a6 6. a4 O-O 7. Be3 Nbd7 8. Bc4
b6 9. e5 Ne8 10. e6 fxe6 11. Ng5 Ndf6 12. Bxe6+ Kh8 13. Nf7+ Rxf7 14. Bxf7 e6
15. Qd2 Qe7 16. Bxe8 Qxe8 17. Bh6 Bb7 18. Bxg7+ Kxg7 19. f3 Qc6 20. O-O Rf8 21.
Rae1 Qd7 22. Ne4 Nh5 23. Ng5 Rf6 24. Qe3 Bd5 25. Ne4 Rf8 26. b3 b5 27. axb5
axb5 28. Nc3 Ng3 29. Rf2 Nf5 30. Qd2 Bb7 31. Rfe2 b4 32. Ne4 Ba6 33. Rf2 Qb5
34. Ng5 Bc8 35. Nxe6+ Bxe6 36. Rxe6 Qd5 37. Rfe2 Nxd4 38. Re7+ Rf7 39. Rxf7+
Kxf7 40. Qf4+ Nf5 41. g4 Qd4+ 42. Qxd4 Nxd4 43. Re4 c5 44. Rxd4 cxd4 45. Kf2
Ke6 46. Ke2 g5 47. Kf2 Ke5 48. Kg3 d3 49. cxd3 Kd4 50. h4 Kc3 51. hxg5 Kxb3 52.
f4 Kc2 53. f5 b3 54. g6 hxg6 55. fxg6 b2 56. g7 b1=Q 57. g8=Q Qe1+ 58. Kf4 Qe5+
59. Kf3 Qf6+ 1/2-1/2

[Event "Tradewise Gibraltar ChallWk2"]
[Site "Gibraltar"]
[Date "2018.01.29"]
[Round "3.1"]
[White "Saber, Yasser"]
[Black "Lacrosse, Marc"]
[Result "0-1"]
[WhiteElo "2244"]
[BlackElo "2117"]
[PlyCount "82"]
[EventDate "2018.01.27"]
[EventType "swiss"]
[EventRounds "5"]
[EventCountry "GGB"]

1. d3 d5 2. g3 Bg4 3. Bg2 e6 4. c4 c6 5. Qb3 Qb6 6. Be3 Qxb3 7. axb3 a6 8. Nf3
Nd7 9. h3 Bh5 10. O-O Bd6 11. Nd4 Ngf6 12. g4 Bg6 13. f4 O-O 14. Nf3 Rfe8 15.
Nh4 Rad8 16. Nd2 Be7 17. Ndf3 Bb4 18. Bf2 Nc5 19. Nd4 a5 20. Nhf3 Bxd3 21. exd3
Nxd3 22. Nc2 Nxf2 23. Nxb4 Nxh3+ 24. Bxh3 axb4 25. Rad1 Ne4 26. Rfe1 Nc5 27.
Nd4 h6 28. Bf1 f6 29. Nc2 Nxb3 30. Nxb4 Kf7 31. f5 exf5 32. Rxe8 Kxe8 33. cxd5
c5 34. Bc4 Nd4 35. Nd3 b5 36. Ba2 c4 37. Nf4 Nf3+ 38. Kf2 fxg4 39. Bb1 g5 40.
Bg6+ Ke7 41. Re1+ Nxe1 0-1

[Event "Tradewise Gibraltar ChallWk2"]
[Site "Gibraltar"]
[Date "2018.01.29"]
[Round "3.2"]
[White "Elomari, Anas"]
[Black "Plotkin, Victor"]
[Result "1/2-1/2"]
[WhiteElo "2100"]
[BlackElo "2242"]
[PlyCount "93"]
[EventDate "2018.01.27"]
[EventType "swiss"]
[EventRounds "5"]
[EventCountry "GGB"]

1. d4 Nf6 2. c4 e6 3. Nf3 b6 4. a3 Bb7 5. Nc3 d5 6. Bf4 Bd6 7. Bxd6 cxd6 8. e3
O-O 9. cxd5 Nxd5 10. Nxd5 Bxd5 11. Rc1 Nd7 12. Bd3 Nf6 13. Qe2 Rc8 14. O-O Qe7
15. Rc2 Rxc2 16. Qxc2 Qb7 17. Qe2 h6 18. Rc1 Rc8 19. Rxc8+ Qxc8 20. Qc2 Qb7 21.
Ne1 Qc6 22. Qxc6 Bxc6 23. Kf1 Kf8 24. Ke2 Ke7 25. f3 e5 26. dxe5 dxe5 27. Bc4
Nd7 28. e4 f6 29. b4 Nf8 30. Nc2 Ne6 31. Bxe6 Kxe6 32. Ne3 g6 33. g4 Be8 34.
Kd2 Bf7 35. Kc3 Kd6 36. h4 Be6 37. Nf1 Kc6 38. Ng3 Bf7 39. Nf1 Kd6 40. Ne3 Be6
41. Nc4+ Kc6 42. Ne3 Kd7 43. Kd3 Kd6 44. Kc3 Ke7 45. Kd3 Kd6 46. Nd5 h5 47. Kc3
1/2-1/2

[Event "Tradewise Gibraltar ChallWk2"]
[Site "Gibraltar"]
[Date "2018.01.29"]
[Round "3.3"]
[White "Allor, Chukwuka"]
[Black "Pinho, Paulo"]
[Result "0-1"]
[WhiteElo "2099"]
[BlackElo "2186"]
[PlyCount "88"]
[EventDate "2018.01.27"]
[EventType "swiss"]
[EventRounds "5"]
[EventCountry "GGB"]

1. g3 g6 2. Bg2 Bg7 3. Nf3 d6 4. c4 f5 5. d4 Nf6 6. Nc3 O-O 7. O-O Nc6 8. d5
Na5 9. Qd3 e5 10. e4 c5 11. Ng5 Qe7 12. Bd2 f4 13. Nb5 Ne8 14. Nxh7 Kxh7 15.
Bxa5 g5 16. h3 a6 17. Na3 g4 18. hxg4 Bxg4 19. f3 Bd7 20. g4 Kg6 21. Kf2 Nf6
22. Ke2 b5 23. Bd2 Rab8 24. b3 b4 25. Nc2 Bh6 26. a3 a5 27. axb4 axb4 28. Kd1
Bg5 29. Kc1 Rh8 30. Rh1 Rxh1+ 31. Bxh1 Rh8 32. Bg2 Rh2 33. Bf1 Bh4 34. Be2 Bf2
35. Kb2 Nh7 36. Ra7 Kf7 37. Be1 Ng5 38. Bd1 Bxe1 39. Kb1 Bc3 40. Qf1 Kf6 41.
Qg1 Rh3 42. Ra6 Bc8 43. Rc6 Bb7 44. Rb6 Qc7 0-1